000 00373nam a2200145Ia 4500
008 240624s9999 xx 000 0 und d
041 _aeng
082 _a659.1 WEL
100 _aWELLS WILLIAM
245 _aADVERTISING PRINCIPLES AND PRACTICE
250 _a(6th ed.)
260 _c2003
_aNew Delhi
_bPearson Education
300 _axxxii, : 599 : p. : cm. ; 28
365 _cRS
999 _c319
_d319